000 00605nam a2200217 u 4500
005 20230602063600.0
008 100603s2007 r 000 0 eng d
020 _a9789708120357
035 _aUPN01000176297
049 _aCG
050 4 _aPQ7297 F9.8
_bF7a
100 1 _aFuentes, Carlos,
_d1928-2012
245 1 3 _aLa frontera de cristal /
_cCarlos Fuentes.
260 _aMéxico :
_bPunto de Lectura,
_c2007.
300 _a273 p.
440 0 _aPunto de lectura ;
_v8/8
650 4 _aNovela mexicana
_ySiglo XX
_96052
650 4 _aCuentos mexicanos
_96937
905 _aLibro
999 _c148400
_d148400